| Поле | Инд. | ПП | Название | Значение |
|---|---|---|---|---|
| Тип записи | a | |||
| Библиографический уровень | b | |||
| 001 | Контрольный номер | RU/IS/BASE/294317911 | ||
| 005 | Дата корректировки | 20221025145103.6 | ||
| 008 | Кодируемые данные | 20090429 | ||
| 040 | b | Код языка каталог. | rus | |
| e | Правила каталог. | PSBO | ||
| 041 | 0_ | a | Код языка текста | rus |
| 084 | a | Индекс другой классификации/Индекс ББК | 83.3(4Фра)6; 85.03(4Фра)6-022.52; 87.8г(4Фра) | |
| 100 | 1_ | a | Автор | Гальцова Е. Д. |
| 245 | 10 | a | Заглавие | К проблеме театральности в литературе французского сюрреализма: "перевоплощения", "маски", "объективизация" |
| 504 | a | Библиография | Примеч.: с. 99 - 100 | |
| 600 | 14 | a | Персоналии | Бретон Андре |
| a | Персоналии | Арто Антонен | ||
| 650 | 14 | a | Основная рубрика | искусство |
| a | Основная рубрика | история литературы | ||
| a | Основная рубрика | литературоведение | ||
| a | Основная рубрика | театр | ||
| a | Основная рубрика | филологические науки | ||
| a | Основная рубрика | эстетика | ||
| 653 | 0_ | a | Ключевые слова | "Надя" (повесть) |
| a | Ключевые слова | "Театр жестокости" | ||
| a | Ключевые слова | XX век | ||
| a | Ключевые слова | автор | ||
| a | Ключевые слова | деперсонализация актера | ||
| a | Ключевые слова | история театра | ||
| a | Ключевые слова | литературные течения | ||
| a | Ключевые слова | проблема другого | ||
| a | Ключевые слова | сюрреализм | ||
| a | Ключевые слова | театральное пространство | ||
| a | Ключевые слова | теория автоматического письма | ||
| a | Ключевые слова | философия искусства | ||
| a | Ключевые слова | Франция | ||
| 773 | 08 | t | Заглавие источника | Вестник Московского университета. Серия 9, Филология |
| d | Дата издания источника | 2008 | ||
| g | Прочая информация | № 6. - С. 92 - 100 | ||
| w | Контрольный № источника | RU/IS/BASE/293109115 | ||
| 901 | t | Тип документа | b |